| 000 | 00989nam a2200265Ia 4500 | ||
|---|---|---|---|
| 003 | OSt | ||
| 005 | 20221002050405.0 | ||
| 006 | a|||||r|||| 00| 0 | ||
| 007 | ta | ||
| 008 | 220930b |||||||| |||| 00| 0 hin d | ||
| 020 |
_a9789385450594 (hbk (Set)) _cINR 6000.00 |
||
| 024 | _a36534 | ||
| 037 |
_b65, 13/03/2018, P. K. Books _cReference Collections |
||
| 040 |
_aCRL _cCRL _bhin |
||
| 041 |
_2hin _ahin |
||
| 082 | _a4, 152Q7.1-.6(RR) | ||
| 100 | _aशिशिर, कर्मेन्दु, संपा. | ||
| 245 | 0 | _aमर्यादा | |
| 260 |
_aदिल्ली _b अनन्य प्रकाशन _c2017 |
||
| 490 | _vखण्ड 1 | ||
| 500 | _aनवजागरणकालीन पत्रकारिता | ||
| 650 | _aपत्रकारिता | ||
| 942 |
_h4, 152Q7.1-.6(RR) _cref _2CC |
||
| 999 |
_c914510 _d914510 |
||